Twelve who changed the world. (Record no. 5120)

000 -LEADER
fixed length control field 00617nam a2200193 a 4500
001 - CONTROL NUMBER
control field :::00002861$&:&@@
003 - CONTROL NUMBER IDENTIFIER
control field OkBaRHE
005 - DATE AND TIME OF LATEST TRANSACTION
control field 20000607103257.0
008 - FIXED-LENGTH DATA ELEMENTS--GENERAL INFORMATION
fixed length control field s1976 j 000 0 eng u
040 ## - CATALOGING SOURCE
Transcribing agency
100 1# - MAIN ENTRY--PERSONAL NAME
Personal name MacLennan, David Alexander, 1903-
245 10 - TITLE STATEMENT
Title Twelve who changed the world.
260 ## - PUBLICATION, DISTRIBUTION, ETC. (IMPRINT)
Place of publication, distribution, etc Lima, OH., :
Name of publisher, distributor, etc The C. S. S. Publishing Company, Inc.
Date of publication, distribution, etc c1976
300 ## - PHYSICAL DESCRIPTION
Extent 107 p. : illus. ;
Dimensions 22 cm.
650 ## - SUBJECT ADDED ENTRY--TOPICAL TERM
Topical term or geographic name as entry element Apostles
650 ## - SUBJECT ADDED ENTRY--TOPICAL TERM
Topical term or geographic name as entry element Bible New Testament
General subdivision Biography
942 ## - ADDED ENTRY ELEMENTS (KOHA)
Source of classification or shelving scheme
Koha item type Books
Copies
Lost status Not for loan Permanent Location Copy number Date last seen Withdrawn status Date acquired Koha item type Shelving location Damaged status Source of classification or shelving scheme Price effective from Full call number Barcode
  RHEMA Bible Training College12018-03-16 2010-04-14BooksGeneral Stacks  2010-04-14BS 2440 .M2752861